| 000 | 00497 a2200181 4500 | ||
|---|---|---|---|
| 003 | Nust | ||
| 005 | 20251007103733.0 | ||
| 040 | _cNust | ||
| 082 | _a005.1 | ||
| 100 |
_aTariq , Amina BESE-07 _9130968 |
||
| 245 |
_aAutonomous agent architecture for sage (Hard / Softcopy) _cAmina Tariq & Amna Basharat BESE-07 |
||
| 260 |
_bMCS _cMay 2005 |
||
| 300 | _a104 p | ||
| 538 | _aAlmirah No.71 Shelf No.4 | ||
| 650 |
_aUG Projects _998716 |
||
| 651 |
_aUG CS Projects _9130965 |
||
| 942 |
_cPR _2ddc |
||
| 999 |
_c185935 _d185935 |
||